Online Catalogue and eLibrary

Adyathana sinhala padya kawyehi nirupitha kanthawa (Record no. 5170)

MARC details
000 -LEADER
fixed length control field 00424nam a2200157Ia 4500
005 - DATE AND TIME OF LATEST TRANSACTION
control field 20250701160028.0
008 - FIXED-LENGTH DATA ELEMENTS--GENERAL INFORMATION
fixed length control field 240331s9999 xx 000 0 und d
020 ## - INTERNATIONAL STANDARD BOOK NUMBER
ISBN 9552057736
082 ## - DDC Classification
Item Number - Author Mark HER
Class No. 398
100 ## - MAIN ENTRY--PERSONAL NAME
Personal name Herath,K
245 #0 - TITLE STATEMENT
Title Adyathana sinhala padya kawyehi nirupitha kanthawa
260 ## - PUBLICATION, DISTRIBUTION, ETC.
Place of publication, distribution, etc. Colombo
Name of publisher, distributor, etc. S. Godage & Brothers
Date of publication, distribution, etc. 2003
300 ## - PHYSICAL DESCRIPTION
Extent (e.g. Volumes, Pages etc.) 154 p .,
500 ## - GENERAL NOTE
General note Depicted in modern Sinhala poetry
942 ## - Koha item type (Biblio)
Koha item type Books in Stacks (Lending)
Holdings
Lost status Damaged status Collection code Home library Current library Shelving location Date acquired Full call number Accession Number Item type
    Lending WERC Library WERC Library Social Science Cupboard 03/31/2024 398 HER 4928 Books in Stacks (Lending)

© WERC Library